000 00878nam a2200205 i 4500
001 163377
003 ES-MaACL
005 20250822035250.0
008 010521s1881 fr |||| | fre d
040 _aCCPB | B
_bspa
_cCCPB | B
100 1 _aRévèillé-Parise, Joseph-Henri.
_9141519
245 1 0 _aPhysiologie et hygiène des hommes livrés aux travaux de l'esprit ou Recherches sur le physique et le moral, les habitudes, les maladies ... /
_cpar J. H. Réveillé-Parise.
250 _aÉd. entièrement refondue et mise au courant des progrès de la science par Ed. Carrière.
260 _aParis :
_bLibrairie J. B. Baillière et fils,
_c1881 (
_fImprimerie Emile Martinet)
300 _a435 p. ;
_c18 cm.
650 7 _aPsicología social
_2embne
_916573
700 1 _aCarrière, Ed.
_9126358
852 _aES-MaACL
_jG-15868
_z-- Enc. hol.
999 _c163377
_d163377